A guide to the first, second and third Egyptian rooms : predynastic antiquities, mummies, mummy-cases, and other objects connected with the funeral rites of the ancient Egyptians.

محفوظ في:

مؤلف مشترك: British Museum. Department of Egyptian and Assyrian Antiquities

التنسيق: كتاب

اللغة: English

منشور في: London : Printed by order of the Trustees, 1924.

الطبعة: 3d ed., rev. and enl.

الموضوعات:

الوسوم: إضافة وسم

لا توجد وسوم, كن أول من يضع وسما على هذه التسجيلة!

رقم الطلب: DT59 .B72 1924

LEADER 01070namaa2200265 4500
001 16140
003 OSt
005 20220117104331.0
008 130303s1924 enkaf g 001 0 eng d
952 |0 0  |1 0  |2 lcc  |4 0  |6 DT0059 B72 01924  |7 1  |9 24374  |a ARCE  |b ARCE  |d 2022-01-17  |l 0  |o DT59 .B72 1924  |p 1012777  |r 2022-01-17 00:00:00  |w 2022-01-17  |y BK 
999 |c 16292  |d 16292 
040 |c ARCE Library 
043 |a f-ua--- 
050 4 |a DT59 .B72 1924 
110 2 |a British Museum.   |b Department of Egyptian and Assyrian Antiquities, 
245 1 2 |a A guide to the first, second and third Egyptian rooms :   |b predynastic antiquities, mummies, mummy-cases, and other objects connected with the funeral rites of the ancient Egyptians.  
250 |a 3d ed., rev. and enl. 
264 1 |a London :   |b Printed by order of the Trustees,   |c 1924.  
300 |a xvi, 180 pages, 35 leaves of plates :   |b illustrations ;   |c 23 cm. 
500 |a Includes indexes. 
650 0 |a Mummies. 
650 0 |a Funeral rites and ceremonies  |z Egypt. 
651 0 |a Egypt  |x Antiquities. 
901 |a reviewed 
942 |c BK  |2 lcc